Missing Word: Thanksgiving Cornucopia Quiz Stats

 Plays Quiz Updated Nov 26, 2015

Challenge
Share
Tweet
Embed
Score 0/26 Timer 04:00
0 Plays Today
Missing Word Answer % Correct
Mr. ____ HeadPotato
94%
____ AloneHome
93.3%
Happy ____Meal
93%
____, Pray, LoveEat
91.4%
Guess Who's Coming to ____Dinner
91.4%
Don't Rain on My ____Parade
91.1%
The Smashing ____Pumpkins
90.9%
American ____Pie
89%
Children of the ____Corn
85.5%
The ____ DeadGrateful
81.3%
Roman ____Holiday
80.6%
Don't ____ the WaterDrink
79.7%
God ____ Ye Merry, GentlemenRest
78.7%
Missing Word Answer % Correct
Sly and the ____ StoneFamily
75.7%
The ____ of LightsFestival
73.9%
____ IdiotAmerican
73.8%
Scott ____ vs. the WorldPilgrim
73.8%
To Wong Foo, ____ for Everything! Julie NewmarThanks
72.8%
Fantasy ____Football
67.6%
Maundy ____Thursday
59%
____ RainNovember
55.1%
The Mutineers of the ____Bounty
51.7%
____ MoonHarvest
48.6%
____ TowerTurkey
30.3%
Andrew ____Lincoln
29.6%
____ Argyle F.C.Plymouth
22.2%

Today's Daily Dose

Missing Word
Hayao Miyazaki

Word Ladder
Florida

On This Day
December 13th II

You're not logged in!

Compare scores with friends on all Sporcle quizzes.
OR
Log In

You Might Also Like...

Show Comments

Extras

Top Quizzes Today


Score Distribution

Your Account Isn't Verified!

In order to create a playlist on Sporcle, you need to verify the email address you used during registration. Go to your Sporcle Settings to finish the process.

Report this User

Report this user for behavior that violates our Community Guidelines.

Details: